| 000 | 00688cab a2200217 4500 | ||
|---|---|---|---|
| 001 | ABS41405 | ||
| 008 | 090401t1989 xxu||||| |||| 00| 0 eng d | ||
| 035 | _a(Sirsi) u29950 | ||
| 041 | _aeng | ||
| 100 | _aPike, R. | ||
| 245 | _aHousing transfers - the case of Sevenoaks | ||
| 260 | _c1989 | ||
| 350 | _a0 | ||
| 490 |
_aBuilding Societies` Gazette _v121(1476) September 1989, 44-45(2) |
||
| 520 | _aDescribes the procedure involved when Sevenoaks District Council decided to transfer the whole of its housing stock to a housing association . | ||
| 650 | _aCOUNCIL HOUSING | ||
| 650 | _aTENANTS CHOICE | ||
| 690 |
_aBlock management _96220 |
||
| 942 | _n0 | ||
| 948 | _c04/03/1997 | ||
| 999 |
_c20149 _d20149 |
||